Countries with More Than One Capital (official or clearly split seats) - Statistics

General Stats
  • This quiz has been taken 19 times
  • The average score is 4 of 8
Answer Stats
Answer % Correct
South Africa
100%
Bolivia
95%
Netherlands
58%
Benin
47%
Sri Lanka
26%
Ivory Coast
21%
Malaysia
21%
Eswatini
5%
No matching quizzes found
Score Distribution
Percent of People with Each Score
Percentile by Number Answered
Your Score History
You have not taken this quiz